|
|
|
|
| LEADER |
00000nam a2200000 a 4500 |
| 001 |
vtls010662790 |
| 003 |
SK-MaSNL |
| 005 |
20260301035331.0 |
| 008 |
251112 1782 pl 001 0 gre |
| 035 |
|
|
|a A92C0631-2B8F-4FFD-8811-DE0DEFF1599B
|
| 035 |
|
|
|a urn:nbn:sk:snk-amtiih
|
| 035 |
|
|
|a urn:nbn:sk:snk-am00c532
|
| 040 |
|
|
|a SNK
|b slo
|c SNK
|e AACR2
|
| 041 |
|
|
|a gre
|a lat
|
| 044 |
|
|
|a pl
|c PL
|
| 080 |
|
|
|a 27
|2 2001
|
| 080 |
|
|
|a 2-1
|2 2001
|
| 080 |
|
|
|a 27-246
|2 2001
|
| 100 |
1 |
|
|a Schoettgenius, Christianus.
|4 aut
|9 337729
|
| 245 |
1 |
0 |
|a Hē Kainē Diathēkē = Novvm Testamentvm Graecvm : In sectiones divisit, interpvnctiones accvrate posvit, et dispositionem logicam adiecit Christianvs Schoettgenius.
|
| 260 |
|
|
|a Vratislaviae
|b Apud Io. Fredericvm Kornivm, Sr. : In officina sva prope Regivm Oberzollamt
|c 1782.
|
| 300 |
|
|
|a [22] , 692 s.
|c 18 cm
|
| 500 |
|
|
|a Typografické linky, ozdoby, vineta, vlysy, kustódy, marginálie v latinskom jazyku
|
| 504 |
|
|
|a Predslov autora
|
| 546 |
|
|
|a Gréčtina
|a Latinčina
|
| 561 |
|
|
|a Rukopisná provenienčná poznámka: Adamo Chalupka.
|5 SNK ID 99044
|
| 562 |
|
|
|a Rukopisné poznámky na predsádkovom liste a na prídoští.
|5 SNK ID 99044
|
| 562 |
|
|
|a Rukopisné poznámky v texte v latinskom jazyku
|
| 630 |
0 |
7 |
|a Biblia
|p Nový zákon
|2 SNKPH
|
| 650 |
0 |
7 |
|a kresťanstvo
|2 SNKPH
|9 2024
|
| 650 |
0 |
7 |
|a teológia
|2 SNKPH
|9 1814
|
| 700 |
1 |
|
|a Chalupka, Adam,
|d 1767-1840
|4 fmo
|9 65374
|
| 710 |
2 |
|
|a Kornius, Joannes Fridericus
|4 prt
|9 337730
|
| 752 |
|
|
|a Poľsko
|d Wroclaw
|
| 852 |
|
|
|a snk
|b Historické fondy
|p ID 99044
|
| 958 |
|
|
|a ONDV
|
| 999 |
|
|
|c 583752
|d 585682
|
| 952 |
|
|
|t CHA 25
|a SNK
|b SNK
|c SNK_HF
|y PREZ
|7 0
|p 17A1127345
|o snkID 99044
|i snk2015/10125
|8 5
|0 0
|1 0
|4 0
|d 2015-03-26
|f 1
|l 0
|r 2026-02-23 15:00:12
|w 2026-02-23
|